00493 2200181 4500001002100000005001500021035002000036008004100056245005700097100002000154260003100174300002300205020002200228084001600250082000800266650002300274990001400297INLIS00000000000013720250514012605 a0010-0525000118250514 0 ind 1 aIPA Fisika :buntuk SMA/MA Kelas X /cNi Ketut Lasmi aLasmi, Ni Ketut aJakarta :bErlangga,c2022 a148 hlm. ;c25 cm. a978-623-266-627-6 a530 LAS i-1 a530 4aPelajaran - Fisika a000000144